[Event "Dortmund op-A"]
[Site "Dortmund"]
[Date "1993.??.??"]
[Round "8"]
[White "Grabert, Ralf"]
[Black "Medunova, Vera"]
[Result "1-0"]
[WhiteElo "2270"]
[BlackElo "2165"]

1.e4 c5 2.Nf3 Nc6 3.Bb5 e6 4.Bxc6 dxc6 5.d3 Ne7 6.b3 Ng6 7.Bb2 Qc7 8.e5 Be7
9.Nbd2 Bd7 10.a4 a5 11.Ne4 O-O 12.Qd2 f5 13.exf6 gxf6 14.Qh6 Rf7 15.O-O Qf4
16.Qh5 e5 17.h3 Qf5 18.Qxf5 Bxf5 19.Nfd2 Nf4 20.Kh2 Nd5 21.Nc4 Rff8 22.f3 b6
23.Bc1 Rab8 24.Bd2 Be6 25.Rfe1 Bc8 26.Re2 Kg7 27.Rf1 Bd8 28.g4 Bc7 29.Kg2 Bd7
30.Rfe1 Rbd8 31.Ng3 Bc8 32.g5 fxg5 33.Bxg5 Nf4+ 34.Bxf4 exf4 35.Ne4 h6 36.Kh2 Kf7
37.Nxc5 Rfe8 38.Rxe8 Rxe8 39.Ne4 Re6 40.Rg1 Ba6 41.Rg2 Rg6 42.Re2 Bc8 43.d4 Ba6
44.Re1 Re6 45.Rd1 b5 46.axb5 cxb5 47.Nb2 b4 48.Nd3 Bxd3 49.Rxd3 Rc6 50.Rd2 Bd8
51.Kg2 Ra6 52.Kf1 Bb6 53.Ke2 a4 54.bxa4 Rxa4 55.Nd6+ Ke6 56.Nc4 Bd8 57.Kd3 Ra1
58.Re2+ Kd7 59.Ke4 Rh1 60.Kxf4 Rxh3 61.Ne5+ Kc7 62.Kf5 h5 63.Ke6 h4 64.d5 Rg3
65.Re4 h3 66.Rc4+ Kb7 67.Rxb4+ Kc8 68.Rb1 h2 69.Rh1 Rg2 70.c4 Bh4 71.d6 Bg3
72.Ke7 Bh4+ 73.Kf7 Bg3 74.Ke7 Bh4+ 75.Ke8 Rg8+ 76.Kf7 Rg2 77.c5 Re2 78.f4 Bg3
79.c6 Bxf4 80.Ra1 Rb2 81.Ra8+ Rb8 82.d7+ Kc7 83.Rxb8  1-0

[Event "Drobeta"]
[Site "Drobeta"]
[Date "1993.??.??"]
[Round "?"]
[White "Baciu Ionescu, Otilia"]
[Black "Vlad, Decebal"]
[Result "0-1"]
[WhiteElo "2160"]
[BlackElo "2405"]

1.e4 c5 2.Nf3 Nc6 3.Bb5 g6 4.Bxc6 bxc6 5.O-O Bg7 6.Re1 Nh6 7.d3 O-O 8.Nc3 f6
9.Be3 d6 10.h3 Nf7 11.Nh2 f5 12.Qd2 Rb8 13.Rab1 Kh8 14.f4 Qa5 15.exf5 Rxb2
16.d4 Rxb1 17.Rxb1 Bxf5 18.Nf3 cxd4 19.Nxd4 Bc8 20.Rb3 c5 21.Nde2 Ba6 22.Qd5 Bxe2
23.Nxe2 Qe1+  0-1

[Event "Dublin zt"]
[Site "Dublin"]
[Date "1993.??.??"]
[Round "7"]
[White "Ryan, Joseph"]
[Black "Roberts, Paul"]
[Result "1-0"]
[WhiteElo "2270"]
[BlackElo "2160"]

1.e4 c5 2.Nf3 Nc6 3.Bb5 g6 4.O-O Bg7 5.c3 e5 6.d4 cxd4 7.cxd4 exd4 8.Bf4 Nge7
9.Bd6 O-O 10.a4 Re8 11.Bc4 b6 12.Bxf7+ Kxf7 13.Ng5+ Kf6 14.Qb3 Rh8 15.f4 Qg8
16.e5+ Nxe5 17.Bxe5+  1-0

[Event "Eger op"]
[Site "Eger"]
[Date "1993.??.??"]
[Round "2"]
[White "Biro, Sandor"]
[Black "Csom, Etelka"]
[Result "1-0"]
[WhiteElo "2285"]
[BlackElo "2090"]

1.e4 c5 2.Nf3 Nc6 3.Bb5 e6 4.O-O Nge7 5.Re1 a6 6.Bf1 Ng6 7.c3 d5 8.exd5 Qxd5
9.Na3 b5 10.c4 bxc4 11.Nxc4 Rb8 12.b3 Be7 13.Bb2 O-O 14.Ne3 Qd7 15.d4 cxd4
16.Nxd4 Nxd4 17.Qxd4 Qxd4 18.Bxd4 Rd8 19.Red1 Bb7 20.Ba7 Rxd1 21.Rxd1 Rd8
22.Rxd8+ Bxd8 23.Nc4 Bc7 24.Bc5 a5 25.Bb6 Bxb6 26.Nxb6 Ne5 27.f4 Nc6 28.Nc4 Kf8
29.g3 Ke7 30.Bg2 a4 31.bxa4 Ba6 32.Ne5 Nxe5 33.fxe5 f6 34.exf6+ gxf6 35.Kf2 Kd6
36.Ke3 Kc5 37.Be4 h6 38.Bc2 Bb7 39.Kf4 Kd4 40.a5 Kc5 41.Kg4 Bd5 42.Kh5 e5
43.Kxh6 e4 44.Bxe4 Bxe4 45.Kg7 f5 46.h4 Bf3 47.Kf6 Be4 48.h5  1-0

[Event "Eger op"]
[Site "Eger"]
[Date "1993.??.??"]
[Round "5"]
[White "Forgacs, Attila"]
[Black "Emodi, Barnabas"]
[Result "0-1"]
[WhiteElo "2180"]
[BlackElo "2260"]

1.e4 c5 2.Nf3 Nc6 3.Bb5 g6 4.c3 Bg7 5.O-O Nf6 6.Re1 O-O 7.d4 d5 8.exd5 Qxd5
9.c4 Qd6 10.Bxc6 bxc6 11.h3 Be6 12.Na3 Rab8 13.b3 cxd4 14.Nxd4 Rbd8 15.Bb2 Ng4
16.hxg4 Bxd4 17.Qxd4 Qxd4 18.Bxd4 Rxd4 19.Nc2 Rd2 20.Ne3 Rfd8 21.Rad1 Rxd1
22.Rxd1 Rxd1+ 23.Nxd1 Bxg4 24.f3 Bf5 25.Kf2 e5 26.Ke3 f6 27.Nc3 Kf7 28.a3 Ke7
29.b4 Be6 30.c5 f5 31.Kd3 h5 32.a4 Kd7 33.b5 Kc7 34.Ke3 g5 35.Kf2 h4 36.Ke3 Bc4
37.Kf2 cxb5 38.axb5 a6 39.bxa6 Kc6 40.a7 Kb7 41.Na4 Kxa7 42.c6 Bb5 43.c7 Kb7
44.Nc5+ Kc8 45.Ke3 Bc4 46.Na4 Kxc7 47.Nb2 Bb5 48.Nd1 Kd6 49.Kf2 Bc6 50.Ne3 Ke6
51.Nc4 Bd5 52.Ne3 e4 53.fxe4 Bxe4 54.Nc4 f4 55.Nd2 Bd5 56.Nf1 g4 57.Nd2 Ke5
58.Kf1 Kd4 59.Kf2 Kd3 60.Nf1 g3+  0-1

[Event "Narancs Cup"]
[Site "Eger"]
[Date "1993.??.??"]
[Round "5"]
[White "Paal, Attila"]
[Black "Khudiakov, Igor"]
[Result "0-1"]
[WhiteElo "2205"]
[BlackElo "2410"]

1.e4 c5 2.Nf3 Nc6 3.Bb5 g6 4.Qe2 Bg7 5.O-O d6 6.e5 Nh6 7.d4 O-O 8.Bxc6 bxc6
9.dxc5 dxc5 10.Rd1 Qb6 11.Na3 Ba6 12.Qe4 Rad8 13.Bxh6 Bxh6 14.Qh4 Bg7 15.Qxe7 Rde8
16.Qh4 Qb4 17.Qxb4 cxb4 18.Nb1 Be2 19.Rd4 Bxf3 20.gxf3 Rxe5 21.Rxb4 Re1+
22.Kg2 Rd8 23.a4 Rdd1 24.Rb8+ Bf8 25.Ra3 Rg1+ 26.Kh3 Rd5  0-1

[Event "Eger op"]
[Site "Eger"]
[Date "1993.??.??"]
[Round "7"]
[White "Tengely, Szabolcs"]
[Black "Kopisch, Martin"]
[Result "0-1"]
[WhiteElo "2210"]
[BlackElo "2265"]

1.e4 c5 2.Nf3 Nc6 3.Bb5 Qb6 4.Nc3 e6 5.O-O Nge7 6.Re1 a6 7.Bf1 Ng6 8.d3 Be7
9.g3 O-O 10.Bg2 d6 11.h4 Rd8 12.h5 Nge5 13.Nxe5 dxe5 14.Qg4 Kh8 15.Kh2 Nd4
16.f4 Nxc2 17.Rf1 exf4 18.gxf4 Nxa1 19.Rg1 Rg8 20.e5 f5 21.exf6 gxf6 22.Qe2 Qc7
23.Be3 Bd6 24.Rf1 Bd7 25.Ne4 Bc6 26.b4 cxb4 27.Qb2 Qg7 28.Ng5 Nc2 29.Qxc2 fxg5
30.Bxc6 bxc6 31.Kh3 Bxf4  0-1

[Event "NLD-ch sf"]
[Site "Enschede"]
[Date "1993.??.??"]
[Round "6"]
[White "Boersma, Paulus A"]
[Black "Reinderman, Dimitri"]
[Result "1-0"]
[WhiteElo "2365"]
[BlackElo "2415"]

1.e4 c5 2.Nf3 Nc6 3.Bb5 g6 4.O-O Bg7 5.Re1 e5 6.Bxc6 dxc6 7.d3 Qe7 8.Nbd2 Nh6
9.a3 O-O 10.Nc4 f6 11.b4 cxb4 12.axb4 Be6 13.Qd2 Nf7 14.Qc3 b6 15.Bb2 Bg4
16.Ncd2 Bd7 17.Ra6 Bc8 18.Ra4 Nd6 19.Qa3 Be6 20.Qa1 Rfc8 21.d4 exd4 22.Bxd4 c5
23.bxc5 bxc5 24.Bb2 Ne8 25.Nf1 Qb7 26.N3d2 Rd8 27.c4 Rd3 28.Bc3 f5 29.Bxg7 Qxg7
30.exf5 Bxf5 31.Rxa7 Qxa1 32.Rexa1 Rad8 33.Nf3 Rd1 34.Ne1 Be6 35.Ne3 Rxa1
36.Rxa1 Rd4 37.Nf3 Rd3 38.Ne5 Rc3 39.h3 Kg7 40.Ra5 Nd6 41.Rxc5 Ne4 42.Rc7+ Kf6
43.N5g4+ Bxg4 44.Nd5+ Ke5 45.Nxc3  1-0

[Event "NLD-ch sf"]
[Site "Enschede"]
[Date "1993.??.??"]
[Round "9"]
[White "Riemersma, Liafbern"]
[Black "Reinderman, Dimitri"]
[Result "0-1"]
[WhiteElo "2415"]
[BlackElo "2415"]

1.e4 c5 2.Nf3 Nc6 3.Bb5 d6 4.O-O Bg4 5.h3 Bh5 6.c3 Qb6 7.Ba4 O-O-O 8.d4 Nf6
9.Bxc6 Qxc6 10.d5 Qd7 11.Qd3 Kb8 12.b4 c4 13.Qe3 g5 14.Nh2 Rg8 15.f3 e6 16.Qd4 Bg7
17.Be3 b6 18.dxe6 Qxe6 19.Bxg5 Bxf3 20.Nxf3 Nxe4 21.Qd1 Nxg5 22.Nxg5 Qe3+
23.Rf2 Qxg5 24.Nd2 d5 25.Nf3 Qe3 26.Nd4 Rd7 27.Qf3 Bxd4 28.cxd4 Qxd4 29.Rd1 Qe5
30.Re2 Qd6 31.Qf5 Rgd8 32.Red2 Qxb4  0-1

[Event "ESP-ch"]
[Site "?"]
[Date "1993.??.??"]
[Round "4"]
[White "Sanz Alonso, Francisco Javier"]
[Black "Visier Segovia, Fernando"]
[Result "1-0"]
[WhiteElo "2410"]
[BlackElo "2320"]

1.e4 c5 2.Nf3 Nc6 3.Bb5 g6 4.O-O Bg7 5.c3 Nf6 6.Re1 O-O 7.d4 cxd4 8.cxd4 d5
9.e5 Ne4 10.Nc3 Nxc3 11.bxc3 Na5 12.Bg5 a6 13.Bd3 Bg4 14.h3 Bxf3 15.Qxf3 Rc8
16.Rac1 Rc6 17.h4 Qd7 18.h5 Rfc8 19.hxg6 fxg6 20.Bxe7 Nc4 21.Bxc4 Rxc4 22.Bc5 Qe6
23.Rb1 b5 24.Rb4 Bf8 25.Rxc4 bxc4 26.Bxf8 Rxf8 27.Qe3 Rb8 28.Qh6 Rb7 29.a4 Rb8
30.Re3 Rf8 31.Rh3 Rf7 32.Kh2 Qd7 33.Qh4 Qe6 34.Re3 Rf5 35.Qd8+ Rf8 36.Qd6 Qxd6
37.exd6 Rd8 38.Re6 Kf7 39.Re7+ Kf6 40.Rxh7 Rxd6 41.a5 Kf5 42.Re7  1-0

[Event "ESP-chT"]
[Site "?"]
[Date "1993.??.??"]
[Round "?"]
[White "Rodriguez Aguilera, Juan"]
[Black "Corral Blanco, Juan A"]
[Result "0-1"]
[WhiteElo "2245"]
[BlackElo "2395"]

1.e4 c5 2.Nf3 Nc6 3.Bb5 e6 4.O-O Nge7 5.Re1 a6 6.Bxc6 Nxc6 7.b3 Be7 8.Bb2 O-O
9.Nc3 b5 10.d4 cxd4 11.Nxd4 Bb7 12.Nxc6 Bxc6 13.Qg4 f6 14.Ne2 Qb6 15.Bd4 Qc7
16.Rad1 Rf7 17.Rd3 Qa5 18.Ra1 b4 19.c4 Qg5 20.Qxg5 fxg5 21.Be3 g4 22.e5 a5
23.a4 bxa3 24.c5 Rf5 25.Bd4 Bb5 26.Rd2 Bxe2 27.Rxe2 Rf4 28.Rd2 Re4 29.g3 Rb8
30.Be3 Rxb3 31.Rxd7 Rexe3 32.Rxe7 Rxe5 33.c6 Rc3 34.Rb1 h5 35.Rbb7 Rg5 36.Rxe6 Rc1+
37.Kg2 a2  0-1

[Event "ESP-chT"]
[Site "?"]
[Date "1993.??.??"]
[Round "?"]
[White "De la Villa Garcia, Jesus Maria"]
[Black "Corral Blanco, Juan A"]
[Result "1/2-1/2"]
[WhiteElo "2440"]
[BlackElo "2395"]

1.e4 c5 2.Nf3 Nc6 3.Bb5 e6 4.O-O Nge7 5.b3 a6 6.Bxc6 Nxc6 7.Bb2 b5 8.Na3 Bb7
9.Re1 Nd4 10.c4 Nxf3+ 11.Qxf3 b4 12.Nc2 Qg5 13.d4 cxd4 14.Nxd4 Bc5 15.Qd3 O-O
16.Nf3 Qe7 17.Re2 f5 18.exf5 Rxf5 19.Qxf5 exf5 20.Rxe7 Bxe7 21.Re1 Bf8 22.Ne5 Re8
23.f3 d6 24.Nd3 Rxe1+ 25.Nxe1 d5 26.cxd5 Bxd5 27.Bd4 Bc6 28.Bb6 Kf7 29.Nc2 Bb5
30.Ba5 Bd3 31.Nxb4 Bc5+ 32.Kh1 Bxb4  1/2-1/2

[Event "Espoo We MatSK"]
[Site "Espoo"]
[Date "1993.??.??"]
[Round "?"]
[White "Vetemaa, Juri"]
[Black "Luik, Helmuth"]
[Result "1-0"]
[WhiteElo "2385"]
[BlackElo "2295"]

1.e4 c5 2.Nf3 Nc6 3.Bb5 g6 4.O-O Bg7 5.Re1 Nf6 6.e5 Nd5 7.Nc3 Nc7 8.Bxc6 dxc6
9.h3 O-O 10.d3 Nb5 11.Qe2 Nxc3 12.bxc3 c4 13.d4 Be6 14.a4 Bd5 15.Ba3 b5 16.Bc5 a5
17.Reb1 Re8 18.axb5 cxb5 19.Rxb5 e6 20.Nd2 Qg5 21.Ne4  1-0

[Event "Farum op (Women)"]
[Site "Farum"]
[Date "1993.??.??"]
[Round "8"]
[White "Erenska Radzewska, Hanna"]
[Black "Kas Fromm, Rita"]
[Result "1/2-1/2"]
[WhiteElo "2210"]
[BlackElo "2225"]

1.e4 c5 2.Nf3 Nc6 3.Bb5 g6 4.O-O Bg7 5.Bxc6 bxc6 6.d3 d6 7.h3 Rb8 8.c3 e5
9.Na3 Ne7 10.d4 cxd4 11.cxd4 Ba6 12.Re1 exd4 13.Nxd4 O-O 14.Bg5 Rb6 15.b3 h6
16.Bxe7 Qxe7 17.Rc1 d5 18.Nb1 dxe4 19.Nxc6 Qb7 20.Na5 Qa8 21.Nc4 Re6 22.Nbd2 Rd8
23.Qg4 f5 24.Qf4 Qd5 25.Nf1 g5 26.Qc7 f4 27.Qxa7 Bd4 28.Qc7 Rc6 29.Qe7 Re6
30.Qb4 Bxf2+ 31.Kxf2 Qd4+ 32.Nfe3 fxe3+ 33.Kg1 e2+ 34.Kh2 e3 35.Rxe2  1/2-1/2

[Event "FIN-chT"]
[Site "FIN"]
[Date "1993.??.??"]
[Round "?"]
[White "Koskinen, Henri"]
[Black "Nokso Koivisto, Antti"]
[Result "1/2-1/2"]
[WhiteElo "2240"]
[BlackElo "2265"]

1.e4 c5 2.Nf3 Nc6 3.Bb5 d6 4.O-O Bd7 5.Re1 Nf6 6.c3 a6 7.Bf1 Bg4 8.h3 Bxf3
9.Qxf3 g6 10.Qd1 e5 11.Na3 Bg7 12.Nc2 O-O 13.d4 cxd4 14.cxd4 d5 15.exd5 Nxd5
16.dxe5 Nxe5 17.Ne3 Nf4 18.Nc4 Ned3 19.Bxf4 Nxf4 20.Qf3 Qg5 21.g3 Nh5 22.h4 Qc5
23.a4 Rab8 24.a5 Rfd8 25.Rad1 Bd4 26.Kg2 Ng7 27.Rc1 Qb4 28.Re4 Ne6 29.Rce1 Qf8
30.b3 Bg7 31.Ne5 Nd4 32.Qxf7+ Qxf7 33.Nxf7 Kxf7 34.Bc4+ Kf8 35.Rf4+ Nf5 36.g4 Rd4
37.Rfe4 Nxh4+ 38.Kh3 Rxe4 39.Rxe4 g5 40.f4 h6 41.Re6 Rc8 42.Rb6 Rc7 43.f5 Ke7
44.f6+ Bxf6 45.Re6+ Kf8 46.Rxf6+ Kg7 47.Rb6 Ng6 48.Kg3 Ne7 49.Rd6 Nc6 50.Rd5 Re7
51.Kf2 Ne5 52.Be2 Kf6 53.Rd6+ Re6 54.Rd8 Rc6 55.Rh8 Rc2  1/2-1/2

[Event "FIN-chT"]
[Site "FIN"]
[Date "1993.??.??"]
[Round "?"]
[White "Kujala, Auvo"]
[Black "Sammalvuo, Tapani"]
[Result "0-1"]
[WhiteElo "2285"]
[BlackElo "2280"]

1.e4 c5 2.Nf3 Nc6 3.Bb5 e6 4.Bxc6 bxc6 5.O-O Ne7 6.Re1 Ng6 7.d3 Be7 8.Nbd2 O-O
9.Nc4 Qc7 10.Bd2 e5 11.Ne3 d6 12.Nf5 Rb8 13.b3 Bxf5 14.exf5 Nh4 15.Nxh4 Bxh4
16.Qh5 Bf6 17.Re3 g6 18.Rg3 Rfe8 19.Re1 Qd8 20.Re4 Rb7 21.Reg4 Bg7 22.Qh3 Qd7
23.Rf3 d5 24.Qh4 e4 25.Rh3 h5 26.Rg5 Qd6 27.fxg6 fxg6 28.Rhg3 Qf6 29.h3 Rf7
30.Kh2 Qxf2 31.Bc3 Re6 32.Bxg7 Rxg7 33.Rxh5 Qxg3+ 34.Qxg3 gxh5 35.Qb8+ Kh7
36.dxe4 dxe4 37.g4 e3 38.Qf4  0-1

[Event "FIN-chT"]
[Site "FIN"]
[Date "1993.??.??"]
[Round "?"]
[White "Pyhala, Antti"]
[Black "Luik, Helmuth"]
[Result "1-0"]
[WhiteElo "2380"]
[BlackElo "2295"]

1.e4 c5 2.Nf3 Nc6 3.Bb5 g6 4.O-O Bg7 5.c3 Qb6 6.a4 a6 7.Bxc6 bxc6 8.a5 Qc7
9.d4 cxd4 10.cxd4 Nf6 11.Nc3 O-O 12.e5 Nd5 13.Nxd5 cxd5 14.Bf4 Bb7 15.Qd2 Bc6
16.h4 Qb7 17.h5 Bb5 18.Rfc1 Rfc8 19.hxg6 hxg6 20.Rc5 Rxc5 21.dxc5 Rc8 22.Rc1 Bc4
23.Nd4 Rxc5 24.b3 d6 25.exd6 e5 26.Re1 Qd7 27.Bxe5 Bxe5 28.Rxe5 Bb5 29.Qf4 Qd8
30.Re7 Qf8 31.g3 Be8 32.Kg2 Rxa5 33.Qf6 Ra2  1-0

[Event "Finkenstein op"]
[Site "Finkenstein"]
[Date "1993.??.??"]
[Round "1"]
[White "Schmid, Wolfgang"]
[Black "Brumen, Dinko"]
[Result "0-1"]
[WhiteElo "2225"]
[BlackElo "2315"]

1.e4 c5 2.Nf3 Nc6 3.Bb5 Na5 4.d4 a6 5.Be2 cxd4 6.Nxd4 Qc7 7.O-O Nf6 8.Nc3 e6
9.a3 b5 10.Bf3 Bb7 11.Re1 d6 12.e5 dxe5 13.Bxb7 Nxb7 14.Nf3 Nd7 15.Qe2 Be7
16.Bg5 f6 17.Bh4 O-O 18.Ne4 Rac8 19.c3 Ndc5 20.Nfd2 Rfd8 21.Rad1 Nd3 22.Bxf6 Bxf6
23.Nxf6+ gxf6 24.Qg4+ Kh8 25.Qxe6 Nxe1 26.Rxe1 Rxd2 27.Qxf6+ Qg7 28.Qxa6 Rf8
29.Qxb5 Rdxf2 30.Qd5 Rxb2 31.c4 Qf6 32.h3 Qf2+ 33.Kh2 Qxe1  0-1

[Event "Forli op"]
[Site "Forli"]
[Date "1993.??.??"]
[Round "2"]
[White "Ubezio, Marco"]
[Black "Beggi, Pierluigi"]
[Result "1-0"]
[WhiteElo "2200"]
[BlackElo "2235"]

1.e4 c5 2.Nf3 Nc6 3.Bb5 g6 4.O-O Bg7 5.c3 e5 6.b4 cxb4 7.d4 exd4 8.cxd4 Nge7
9.a3 O-O 10.h3 d5 11.e5 Bf5 12.axb4 Be4 13.Nbd2 Qb6 14.Bxc6 Nxc6 15.Re1 Nxd4
16.Nxe4 Nxf3+ 17.Qxf3 dxe4 18.Qxe4 Rfe8 19.Be3 Qc6 20.Qxc6 bxc6 21.Rxa7 Rxa7
22.Bxa7 Rxe5 23.Rc1 Bf8 24.Rxc6 Re1+ 25.Kh2 Bxb4 26.Rc8+ Kg7 27.Bd4+ Kh6
28.g3 Re4 29.Rc4 Bd2 30.Bg7+ Kxg7 31.Rxe4 Bc3 32.Kg2 h5 33.Kf3 Ba5 34.Ra4 Bb6
35.Ra6 Bc5 36.Ke2 Bd4 37.f3 Be5 38.f4 Bb8 39.Kf3 Bc7 40.Ra7 Bb8 41.Rb7 Bd6
42.Ke4 Ba3 43.Ke5 Bc1 44.f5 g5 45.f6+ Kg6 46.Rb8 h4 47.Rg8+ Kh6 48.g4 Bd2
49.Kf5  1-0

[Event "Forli op"]
[Site "Forli"]
[Date "1993.??.??"]
[Round "4"]
[White "Tatai, Stefano"]
[Black "Nemet, Ivan"]
[Result "1/2-1/2"]
[WhiteElo "2440"]
[BlackElo "2410"]

1.e4 c5 2.Nf3 Nc6 3.Bb5 e6 4.Bxc6 bxc6 5.O-O Ne7 6.Re1 Ng6 7.c3 Be7 8.d4 O-O
9.Be3 Rb8 10.Qc2 Qb6 11.b3 a5 12.Nbd2 d5 13.dxc5 Bxc5 14.Bxc5 Qxc5 15.c4 Ba6
16.Rac1 Rfd8 17.g3  1/2-1/2

[Event "Forli op"]
[Site "Forli"]
[Date "1993.??.??"]
[Round "6"]
[White "Vezzosi, Paolo"]
[Black "Nemet, Ivan"]
[Result "1/2-1/2"]
[WhiteElo "2280"]
[BlackElo "2410"]

1.e4 c5 2.Nf3 Nc6 3.Bb5 e6 4.O-O Nge7 5.c4 a6 6.Ba4 Ng6 7.d4 cxd4 8.Nxd4 Be7
9.Nc3 O-O 10.Be3 Nce5 11.Bb3 d6 12.f4 Nc6 13.Nxc6 bxc6 14.Qh5 f5 15.Rad1 fxe4
16.Nxe4 d5 17.f5 exf5 18.cxd5 Kh8 19.dxc6 Qe8 20.Ng5 Bxg5 21.Qxg5 Be6 22.Bc5 Bxb3
23.axb3 Rf7 24.Rxf5 Rxf5 25.Qxf5 Qxc6 26.Qd5 Qe8 27.b4 h6 28.Qd2 Qe6 29.Re1 Qc6
30.Qd6 Qxd6 31.Bxd6 Rd8 32.Re6 Kh7 33.g3 h5 34.Kf2 Rc8 35.Bc5 a5 36.Re2 Nf8
37.Bd6 axb4 38.Bxb4 Nd7 39.Bc3 Kg6 40.Re7 Nf6 41.Rb7 Ne4+  1/2-1/2

[Event "FRA"]
[Site "FRA"]
[Date "1993.??.??"]
[Round "?"]
[White "Karpov, Anatoly"]
[Black "Kallai, Gabor"]
[Result "1-0"]
[WhiteElo "2725"]
[BlackElo "2450"]

1.e4 c5 2.Nf3 Nc6 3.Bb5 g6 4.O-O Bg7 5.Bxc6 bxc6 6.d3 f6 7.c3 Nh6 8.d4 cxd4
9.cxd4 Nf7 10.Nc3 e5 11.dxe5 fxe5 12.Be3 O-O 13.Qd2 h6 14.b4 Bb7 15.Rfd1 d5
16.Bc5 Re8 17.Qc2 d4 18.Ne2 Kh7 19.Rab1 Bc8 20.Nc1 h5 21.Rd3 g5 22.Ra3 a6
23.Nd2 g4 24.Nc4 Rb8 25.Nd3 Re6 26.Ba7 Ra8 27.Bb6 Qh4 28.Ra5 Rb8 29.Qe2 Qe7
30.a4 Rg6 31.Kh1 h4 32.Bc5 Qe6 33.Ba7 Ra8 34.Nc5 Qe8 35.Bb6 g3 36.Nd3 gxh2
37.Ndxe5 Rh6 38.Bxd4 Ng5 39.f4 Ne6 40.Be3 h3 41.g4 c5 42.bxc5 Qd8 43.Qd2  1-0

[Event "FRA"]
[Site "FRA"]
[Date "1993.??.??"]
[Round "?"]
[White "David, Alberto"]
[Black "Rotstein, Arkadij"]
[Result "0-1"]
[WhiteElo "2380"]
[BlackElo "2465"]

1.e4 c5 2.Nf3 Nc6 3.Bb5 g6 4.O-O Bg7 5.Re1 Nf6 6.c3 O-O 7.h3 Ne8 8.Na3 Nc7
9.Bxc6 bxc6 10.d3 Ne6 11.Ng5 d6 12.Nc4 Rb8 13.Qa4 Qc7 14.Re2 Nxg5 15.Bxg5 h6
16.Be3 Bd7 17.Rc1 f5 18.f4 Kh7 19.Qa5 Qxa5 20.Nxa5 Rb5 21.Nc4 fxe4 22.dxe4 Be6
23.Na3 Ra5 24.g4 Ra4 25.f5 Bxa2 26.Bf2 Bb3 27.Kg2 gxf5 28.gxf5 Be5 29.Kf3 d5
30.Nb1 dxe4+ 31.Rxe4 Rxf5+  0-1

[Event "FRA"]
[Site "FRA"]
[Date "1993.??.??"]
[Round "?"]
[White "Vesin, Jean Robert"]
[Black "Pira, Davoud"]
[Result "0-1"]
[WhiteElo "2295"]
[BlackElo "2350"]

1.e4 c5 2.Nf3 Nc6 3.Bb5 g6 4.O-O Bg7 5.Re1 Nf6 6.c3 O-O 7.h3 Qb6 8.Bc4 e5
9.d3 d6 10.Nbd2 Nh5 11.Bb3 Qd8 12.Nc4 Kh8 13.Ne3 Be6 14.Nd5 Ne7 15.Bg5 Bxd5
16.exd5 h6 17.Bh4 f5 18.d4 cxd4 19.Nxd4 Bf6 20.Ne6 Qb6 21.Nxf8 Bxh4 22.Nxg6+ Nxg6
23.Qxh5 Qxf2+ 24.Kh1 Qxg2+ 25.Kxg2 Nf4+ 26.Kh2 Nxh5 27.Rg1 Bg5 28.h4 Bf4+
29.Kh3 Be3 30.Rge1 f4 31.Re2 Rg8 32.Rg2 Rxg2 33.Kxg2 Nf6 34.Re1 Kg7 35.c4 Kg6
36.Bc2+ e4 37.Kh3 Kf5 38.Bd1 Bd4 39.b3 f3 40.Rf1 Kf4  0-1

[Event "FRA"]
[Site "FRA"]
[Date "1993.??.??"]
[Round "?"]
[White "Coulon, M."]
[Black "Haik, Aldo"]
[Result "0-1"]
[WhiteElo "2140"]
[BlackElo "2410"]

1.e4 c5 2.Nf3 Nc6 3.Bb5 g6 4.O-O Bg7 5.c3 Nf6 6.Re1 O-O 7.d4 cxd4 8.cxd4 d5
9.e5 Ne4 10.h3 f6 11.exf6 exf6 12.Nc3 f5 13.Qa4 Bd7 14.Ne5 Nxe5 15.dxe5 Qb6
16.Be3 Nxc3 17.bxc3 Qxb5 18.Qf4 Be6 19.Bd4 Rf7 20.h4 Bf8 21.Rad1 h6 22.Qg3 Kh7
23.f4 h5 24.Qf2 b6 25.Re3 Rc7 26.Rg3 Be7 27.Re3 Rac8 28.Kh2 Rc4 29.Rd2 Qe8
30.Rb2 Qd8 31.Rh3 Bc5 32.Qd2 Qc7  0-1

[Event "FRA"]
[Site "FRA"]
[Date "1993.??.??"]
[Round "?"]
[White "Pira, Davoud"]
[Black "Vaisser, Anatoli"]
[Result "0-1"]
[WhiteElo "2350"]
[BlackElo "2555"]

1.e4 c5 2.Nf3 Nc6 3.Bb5 e6 4.O-O Nge7 5.Nc3 Nd4 6.Nxd4 cxd4 7.Ne2 a6 8.Ba4 Nc6
9.c3 d3 10.Ng3 b5 11.Bb3 h5 12.h3 Bc5 13.e5 Nxe5 14.Ne4 Bb6 15.Nd6+ Ke7 16.Nxc8+ Rxc8
17.Qe1 Qc7 18.Kh1 g5 19.Bd1 f6 20.b3 Bc5 21.a4 b4 22.Bb2 Ng4 23.f4 gxf4 24.Bf3 Qe5
25.Qh4 Nh6 26.Rfe1 Nf5 27.Rxe5 Nxh4 28.Re4 Nxf3 29.gxf3 bxc3 30.Bxc3 e5 31.b4 Bb6
32.b5 a5  0-1

[Event "Troll Masters"]
[Site "Gausdal"]
[Date "1993.??.??"]
[Round "1"]
[White "Pyhala, Antti"]
[Black "Grivas, Efstratios"]
[Result "0-1"]
[WhiteElo "2380"]
[BlackElo "2485"]

1.e4 c5 2.Nf3 Nc6 3.Bb5 d6 4.b4 cxb4 5.a3 Nf6 6.Qe2 bxa3 7.O-O e6 8.d4 Be7
9.e5 dxe5 10.dxe5 Nd7 11.Bxa3 O-O 12.Rd1 Bxa3 13.Rxa3 Qc7 14.Re3 f6 15.exf6 Nxf6
16.Ng5 Qf4 17.Rg3 Kh8 18.Nc3 e5 19.Qc4 Qxc4 20.Bxc4 Bg4 21.Rd6 Bh5 22.Ne6 Rf7
23.Nd5 Ne4 24.Rxc6 bxc6 25.Rd3 cxd5 26.Bxd5 Rb8 27.h3 Nf6 28.Bb3 Re7 29.g4  0-1

[Event "Arnold Cup"]
[Site "Gausdal"]
[Date "1993.??.??"]
[Round "4"]
[White "Jansa, Vlastimil"]
[Black "Bern, Ivar"]
[Result "1-0"]
[WhiteElo "2520"]
[BlackElo "2395"]

1.e4 c5 2.Nf3 Nc6 3.Bb5 Nf6 4.Nc3 g6 5.e5 Ng4 6.Bxc6 dxc6 7.h3 Nh6 8.d3 Nf5
9.O-O Bg7 10.Re1 O-O 11.Bf4 Nd4 12.Ne4 b6 13.a4 a5 14.Ned2 Qd5 15.Nxd4 cxd4
16.Nc4 Ra6 17.Qd2 Re8 18.Bh6 Bh8 19.Qf4 c5 20.f3 Bd7 21.b3 Qe6 22.Qh4 Bc6
23.Kf2 Rea8 24.Bg5 R8a7 25.Qg4 Bd5 26.Qxe6 Bxe6 27.g4 Rb7 28.h4 Bg7 29.Bf4 h6
30.Bd2 Ra8 31.Kg3 Kh7 32.Re2 h5 33.Rg1 Rg8 34.Kf2 hxg4 35.fxg4 Bd5 36.Kg3 f6
37.exf6 exf6 38.Rf1 Rd8 39.Rfe1 Bf8 40.Re8 Rxe8 41.Rxe8 Kg7 42.Bf4 b5 43.axb5 Rxb5
44.h5 gxh5 45.gxh5 Kf7 46.Rd8 Be6 47.Ra8 Bxc4 48.Ra7+ Kg8 49.dxc4 Rb6 50.Ra8 f5
51.Kf3 Kf7 52.Rxa5 d3 53.cxd3 Rxb3 54.Ra7+ Kg8 55.Rd7 Rb1 56.Rd5 Rd1 57.Ke2  1-0

[Event "Troll Masters"]
[Site "Gausdal"]
[Date "1993.??.??"]
[Round "5"]
[White "Nieminen, Kari"]
[Black "Gausel, Einar"]
[Result "0-1"]
[WhiteElo "2220"]
[BlackElo "2485"]

1.e4 c5 2.Nf3 Nc6 3.Bb5 g6 4.O-O Bg7 5.c3 Nf6 6.Re1 O-O 7.e5 Nd5 8.d4 cxd4
9.cxd4 d6 10.Nc3 Nxc3 11.bxc3 Qa5 12.Qa4 Qxa4 13.Bxa4 Bg4 14.exd6 exd6 15.Bf4 Bxf3
16.gxf3 Rfd8 17.Rab1 Na5 18.Re7 Bf8 19.Re3 a6 20.Bb3 Nxb3 21.axb3 h6 22.Ree1 d5
23.Kf1 a5 24.Ra1 Rdc8 25.Bd2 b5 26.Re5 Rd8 27.Ke2 a4 28.Rb1 a3 29.b4 f6 30.Re3 a2
31.Ra1 Kf7 32.Kd1 g5 33.Kc2 Ra6 34.h3 Bd6 35.Re2 Re8 36.Be3 f5 37.Kd3 Rea8
38.Bc1 Bc7 39.Rc2 Bd8 40.Ke2 Kg6 41.Kf1 Bf6 42.Re2 Kh5 43.Kg2 Rc6 44.Bd2 Kg6
45.Be1 Rca6 46.Kf1 h5 47.Bd2 Ra3 48.Be1 R8a7 49.Rc2 Bd8 50.Bd2 Bc7 51.Bc1 R3a6
52.Bd2 Bd6 53.Kg2 Ra8 54.Kf1 f4 55.Kg2 Kf5 56.Be1 R6a7 57.Bd2 g4 58.Rb2 g3
59.fxg3 fxg3 60.h4 Re8 61.Bg5 Bf4 62.Raxa2 Rxa2 63.Rxa2 Bxg5 64.hxg5 h4 65.g6 Kxg6
66.Kh3 Kg5 67.Ra7 Re2  0-1

[Event "Gausdal MI9394"]
[Site "Gausdal"]
[Date "1993.??.??"]
[Round "6"]
[White "Tisdall, Jonathan D"]
[Black "Kristensen, Bjarke"]
[Result "1-0"]
[WhiteElo "2465"]
[BlackElo "2470"]

1.e4 c5 2.Nf3 Nc6 3.Bb5 d6 4.O-O Bd7 5.Re1 a6 6.Bf1 e6 7.c3 g5 8.d4 g4 9.Nfd2 cxd4
10.cxd4 Nxd4 11.Nc4 e5 12.Be3 b5 13.Nxd6+ Bxd6 14.Bxd4 exd4 15.Qxd4 Qc7 16.Qxh8 Bxh2+
17.Kh1 Qe5 18.Qxe5+ Bxe5 19.Nc3 Rc8 20.g3 Bxc3 21.bxc3 Rxc3 22.a3 Nf6 23.Bg2 Ke7
24.Rec1 Rxc1+ 25.Rxc1 Kd6 26.Kg1 a5 27.Kf1 Be6 28.Ke2 Nd7 29.Ke3 Ne5 30.Bf1 b4
31.axb4 axb4 32.Be2 h6 33.Kd2 Ba2 34.Rh1 Kc5 35.Rxh6 Be6 36.Rh8 Kd4 37.Rb8 Nc4+
38.Kc2 Na3+ 39.Kb2 Nc4+ 40.Kc2 Na3+ 41.Kb2 Nc4+ 42.Bxc4 Kxc4 43.Rd8 Kc5 44.Rb8 Kc4
45.Kc2 Kc5 46.Kd3 Bc4+ 47.Kd2 Be6 48.Kc2 Kc4 49.Rb7 Kc5 50.Kd3 Bc4+ 51.Ke3 Be6
52.Rc7+ Kb6 53.Rc1 Kb5 54.Kd4 Ka4 55.Rc7 Ka3 56.Rb7 Ba2 57.e5 Be6 58.Rb8 Ba2
59.Rb6 Be6 60.Rb7 b3 61.Kc3 Ka4 62.Rb8 Ka5 63.Rb4 Ka6 64.Kd4 Ka5 65.Kc5 Ka6
66.Rb8 Ka7 67.Rb6 Bc4 68.Rb4 Be6 69.Kc6  1-0

[Event "Peer Gynt"]
[Site "Gausdal"]
[Date "1993.??.??"]
[Round "8"]
[White "Cherniaev, Alexander"]
[Black "Vidarsson, Jon G"]
[Result "1-0"]
[WhiteElo "2420"]
[BlackElo "2325"]

1.e4 c5 2.Nf3 Nc6 3.Bb5 d6 4.O-O e6 5.Re1 Be7 6.c3 a6 7.Ba4 b5 8.Bc2 Nf6
9.d4 e5 10.h3 O-O 11.Nbd2 Re8 12.Nf1 cxd4 13.cxd4 h6 14.Ng3 Bf8 15.b3 Bb7
16.Bb2 Rc8 17.a3 Qb6 18.Rc1 Qa7 19.Qd2 Qa8 20.Nf5 Rcd8 21.Bb1 Kh7 22.d5 Ne7
23.Ne3 Ng6 24.Bc3 Rc8 25.Ba5 Rxc1 26.Rxc1 Rc8 27.Rf1 Qb8 28.g3 Re8 29.Rc1 Rc8
30.Re1 Re8 31.Kh2 Bc8 32.Nc2 Bd7 33.Nb4 Qb7 34.Rc1 Rc8 35.Ng1 Kg8 36.Ne2 Qa7
37.Kg2 Qb7 38.f3 Be7 39.h4 Ne8 40.Rc3 Bf8 41.Rxc8 Qxc8 42.Qe3 Qb7 43.Qb6 Qxb6
44.Bxb6 Bc8 45.a4 Nf6 46.axb5 Nd7 47.Ba7 axb5 48.Nc6 Nc5 49.b4 Na6 50.Bd3 Ne7
51.Bxb5 Nxc6 52.dxc6 Nxb4 53.Nc3 Be7 54.Bb8 Kf8 55.Na4 Ba6 56.Bxa6  1-0

[Event "Peer Gynt"]
[Site "Gausdal"]
[Date "1993.??.??"]
[Round "9"]
[White "Degerman, Lars"]
[Black "Cherniaev, Alexander"]
[Result "1/2-1/2"]
[WhiteElo "2460"]
[BlackElo "2420"]

1.e4 c5 2.Nf3 Nc6 3.Bb5 e6 4.O-O Nge7 5.b3 a6 6.Bxc6 Nxc6 7.Bb2 b5 8.d4 cxd4
9.Nxd4 Qf6 10.Qd3 Bc5 11.Rd1 O-O 12.a4 b4 13.Ra2 Bb7 14.Nf3 Qg6 15.Nbd2 Rfd8
16.Nf1 a5  1/2-1/2